000 00336nam a2200121Ia 4500
008 220204s9999 xx 000 0 und d
082 _a658.567(035)
_bBEW
100 _aBewick, Michael W M
245 0 _aHandbook of organic waste conversion
260 _aNew York
_bVan Nostrand
_c1980
650 _aOrganic waste conversion
942 _cBK
999 _c36053
_d36053